[Event "OLNN 2122 Lübecker SV - SC Diogenes"]
[Site "?"]
[Date "2022.05.01"]
[Round "9.8"]
[White "Koop, Thilo"]
[Black "Apitzsch, Leon Fabian"]
[Result "0-1"]
[WhiteElo "2147"]
[BlackElo "1977"]
[PlyCount "178"]
[EventDate "2022.??.??"]

1. e4 c5 2. Nf3 e6 3. d4 cxd4 4. Nxd4 Nf6 5. Nc3 Nc6 6. Be2 Bb4 7. O-O Bxc3 8.
bxc3 Nxe4 9. Bd3 Nxc3 10. Qg4 Qf6 11. Nxc6 bxc6 12. Bg5 Qe5 13. Rfe1 h5 14. Qh4
Qd6 15. Bd2 Nd5 16. Qg5 g6 17. c4 Ne7 18. Rad1 Bb7 19. Bc3 Rg8 20. Bf6 Qa3 21.
Re3 d5 22. Rb1 Ba6 23. Bf1 Qc5 24. Reb3 Nf5 25. Rb8+ Kd7 26. Rxa8 Rxa8 27. cxd5
Bxf1 28. dxe6+ Kxe6 29. Re1+ Kd7 30. Rxf1 Re8 31. Rd1+ Kc8 32. Qd2 Qd6 33. Qxd6
Nxd6 34. Bd4 Nb5 35. Be3 a6 36. Kf1 Rd8 37. Rc1 Kb7 38. a4 Nd4 39. Rb1+ Kc7 40.
a5 Rd5 41. Rd1 c5 42. Rb1 Nb5 43. g3 Kc6 44. Rc1 Nd6 45. Ke1 Nf5 46. Rb1 Nxe3
47. Rb6+ Kc7 48. fxe3 c4 49. Rf6 Rxa5 50. Kd2 Rf5 51. Rxa6 Rf2+ 52. Kc3 Kd7 53.
Kxc4 Rxh2 54. e4 Rg2 55. Ra3 Ke6 56. Kd4 Kf6 57. Rf3+ Ke6 58. Ra3 Rf2 59. Ra6+
Ke7 60. Ra7+ Kf8 61. Ra3 Kg7 62. Ke3 Rf1 63. Ke2 Rf6 64. Ke3 Kh6 65. Ra5 g5 66.
Rd5 g4 67. Ke2 Rf3 68. Rd6+ Kg7 69. Rd5 Kg6 70. Rd6+ f6 71. e5 Rxg3 72. Rxf6+
Kg5 73. Rf8 Ra3 74. Rg8+ Kf4 75. Rh8 Re3+ 76. Kf2 Rxe5 77. Rf8+ Rf5 78. Rh8
Kg5+ 79. Kg3 Rf3+ 80. Kg2 Ra3 81. Rg8+ Kh4 82. Rc8 Ra2+ 83. Kg1 Kh3 84. Rc1 g3
85. Kh1 Rf2 86. Kg1 Rf3 87. Rb1 g2 88. Ra1 Kg3 89. Ra3 h4 0-1

[Event "OLNN 2122 SC Königsspringer HH - Schac"]
[Site "?"]
[Date "2022.05.01"]
[Round "9.1"]
[White "Hourigan, Gerrit"]
[Black "Zimmermann, Julian"]
[Result "1-0"]
[WhiteElo "2312"]
[BlackElo "2297"]
[PlyCount "79"]
[EventDate "2022.??.??"]

1. d4 Nf6 2. c4 e6 3. g3 c5 4. d5 exd5 5. cxd5 d6 6. Nc3 g6 7. Bg2 Bg7 8. Nf3
O-O 9. O-O Re8 10. Bf4 Nh5 11. Bg5 Nf6 12. Qd2 a6 13. a4 Nbd7 14. Rfe1 Rb8 15.
Rab1 Qb6 16. h3 c4 17. Qf4 Qb4 18. Nd2 b5 19. axb5 axb5 20. Nde4 Nxe4 21. Nxe4
Be5 22. Qh4 f5 23. Bd2 Qb3 24. Ng5 Nf8 25. Nf3 Bxb2 26. Nd4 Qa2 27. Bb4 Rb6 28.
Qf4 c3 29. Bxd6 b4 30. Bc5 b3 31. Bxb6 c2 32. Rxb2 Qxb2 33. Qd2 Nd7 34. Ba5 Nc5
35. Bc3 Qb1 36. Qc1 Qa2 37. Nc6 Nd3 38. Qh6 Ne5 39. Nxe5 Qb1 40. Qc1 1-0

[Event "OLNN 2122 SC Königsspringer HH - Schac"]
[Site "?"]
[Date "2022.05.01"]
[Round "9.2"]
[White "Schmidt, Jan-Peter"]
[Black "Ritscher, Jan-Paul"]
[Result "0-1"]
[WhiteElo "2262"]
[BlackElo "2269"]
[PlyCount "70"]
[EventDate "2022.??.??"]

1. Nf3 d5 2. e3 e6 3. c4 Nf6 4. Nc3 c5 5. cxd5 exd5 6. d4 Nc6 7. Bb5 a6 8.
Bxc6+ bxc6 9. O-O Be7 10. dxc5 Bxc5 11. b3 O-O 12. Bb2 Be7 13. Rc1 Bg4 14. h3
Bxf3 15. Qxf3 Qd6 16. Rfd1 Qe6 17. Ne2 Rac8 18. Nd4 Qd7 19. Nf5 Rfd8 20. Rd4
Ne4 21. Nxg7 Bf6 22. Nf5 Bxd4 23. Bxd4 f6 24. Nh6+ Kg7 25. Ng4 Rf8 26. Qf4 h5
27. Qh6+ Kg8 28. Qxh5 Qh7 29. Nh6+ Kh8 30. g4 Rc7 31. Qh4 Qg6 32. Nf7+ Kg7 33.
Ne5 Qe8 34. g5 fxe5 35. Qh6+ Kg8 0-1

[Event "OLNN 2122 SC Königsspringer HH - Schac"]
[Site "?"]
[Date "2022.05.01"]
[Round "9.3"]
[White "Nedic, Dusan"]
[Black "Borgmeyer, Max"]
[Result "0-1"]
[WhiteElo "2303"]
[BlackElo "2187"]
[PlyCount "58"]
[EventDate "2022.??.??"]

1. d4 Nf6 2. c4 e6 3. g3 Bb4+ 4. Bd2 Be7 5. Nf3 d5 6. Bg2 c6 7. Qc2 b6 8. O-O
Ba6 9. Ne5 Nfd7 10. Bf4 Nxe5 11. Bxe5 O-O 12. Nd2 Nd7 13. Bf4 g5 14. Be3 f5 15.
cxd5 cxd5 16. Qc6 f4 17. Qxe6+ Kh8 18. Bxd5 Rc8 19. Ne4 Nf6 20. Bc6 fxe3 21.
Nxg5 Bxe2 22. fxe3 Bxf1 23. Rxf1 Qd6 24. Rxf6 Qxe6 25. Rxf8+ Bxf8 26. Nxe6 Rxc6
27. Nxf8 Rd6 28. d5 Rxd5 29. Ne6 Rd2 0-1

[Event "OLNN 2122 SC Königsspringer HH - Schac"]
[Site "?"]
[Date "2022.05.01"]
[Round "9.4"]
[White "Wagner, Friedrich"]
[Black "Neffe, Axel"]
[Result "1/2-1/2"]
[WhiteElo "2143"]
[BlackElo "2240"]
[PlyCount "106"]
[EventDate "2022.??.??"]

1. c4 e5 2. g3 d6 3. Nc3 f5 4. d4 Be7 5. dxe5 dxe5 6. Qxd8+ Bxd8 7. Bh3 Nc6 8.
Bd2 Nf6 9. O-O-O Be6 10. b3 O-O 11. e4 Ng4 12. Rf1 Nd4 13. f3 Nf6 14. exf5 Bxf5
15. Bxf5 Nxf5 16. Re1 Re8 17. g4 Nd6 18. Nh3 Nd7 19. Re2 a6 20. Rd1 b5 21. cxb5
axb5 22. Kb1 h6 23. f4 Rb8 24. Nf2 exf4 25. Rxe8+ Nxe8 26. Bxf4 Ndf6 27. Nxb5
Rxb5 28. Rxd8 Kf7 29. Rd3 c5 30. Kc2 Ra5 31. Kb2 Rb5 32. a4 Rb7 33. Kc3 Ke6 34.
Re3+ Kd7 35. Kc2 Nd5 36. Rf3 Kc6 37. Bd2 Nd6 38. Nd3 c4 39. Nc1 Ra7 40. a5 Kb5
41. Ne2 Nb4+ 42. Bxb4 Kxb4 43. bxc4 Rxa5 44. Rf4 Nxc4 45. Ng3 g5 46. Re4 Ra2+
47. Kd1 Rxh2 48. Nf5 Kc3 49. Ke1 h5 50. gxh5 Rxh5 51. Kf2 g4 52. Ng3 Rg5 53.
Ne2+ Kb3 1/2-1/2

[Event "OLNN 2122 SC Königsspringer HH - Schac"]
[Site "?"]
[Date "2022.05.01"]
[Round "9.5"]
[White "Andersen, Jens Knud"]
[Black "Langmann, Markus"]
[Result "1-0"]
[WhiteElo "2165"]
[BlackElo "2087"]
[PlyCount "181"]
[EventDate "2022.??.??"]

1. Nf3 d5 2. e3 Nf6 3. b3 Nbd7 4. Bb2 e6 5. d4 Be7 6. Nbd2 O-O 7. Bd3 b6 8. Qe2
Bb7 9. e4 dxe4 10. Nxe4 Nxe4 11. Bxe4 Bxe4 12. Qxe4 Nf6 13. Qe2 Nd5 14. O-O Bf6
15. c4 Nf4 16. Qe4 Ng6 17. Rad1 Qe7 18. g3 Qb4 19. Rd3 Rad8 20. Rfd1 Qa5 21. a4
Qh5 22. Kg2 Rfe8 23. Bc1 Ne7 24. g4 Qg6 25. Qf4 c5 26. g5 e5 27. Qg4 h5 28. Qh3
exd4 29. Kh1 Be5 30. Nxe5 Qe4+ 31. Nf3 Ng6 32. Kg1 h4 33. Qg2 Re6 34. h3 Rde8
35. Kh2 Qf5 36. Qg4 Qxg4 37. hxg4 Re4 38. Kh3 Nf4+ 39. Bxf4 Rxf4 40. R1d2 Ree4
41. Nh2 f5 42. gxf6 g5 43. Rf3 Kf7 44. Rxf4 Rxf4 45. Kg2 Kxf6 46. f3 Kf7 47.
Nf1 Rf6 48. Kf2 Re6 49. Rd3 Kf6 50. Nd2 Ke5 51. Ne4 Kf4 52. Kg2 Rh6 53. Nf2 Rg6
54. Nh3+ Ke5 55. Rd1 Rg8 56. f4+ gxf4 57. Kf3 Kf6 58. Kxf4 Re8 59. Rd3 Kg6 60.
Kf3 Rf8+ 61. Kg2 Re8 62. Ng1 Kg5 63. Kh3 Kf4 64. Rf3+ Ke4 65. Rf1 Rh8 66. Nf3
Ke3 67. Nxh4 d3 68. Kg3 d2 69. Nf3 Rd8 70. Rd1 Rd3 71. Rxd2 Rxb3 72. Rf2 Ke4
73. Kh4 Ke3 74. Rf1 Ke2 75. Nh2 Rb4 76. Rf4 Ke3 77. Kg3 Rxa4 78. g5 b5 79. Rf3+
Kd4 80. cxb5 Ra1 81. Ng4 Rg1+ 82. Kf4 Re1 83. g6 Re8 84. Nf6 Rf8 85. Kf5 c4 86.
g7 Rb8 87. g8=Q Rxg8 88. Nxg8 c3 89. Ne7 Kc4 90. Nd5 c2 91. Rc3+ 1-0

[Event "OLNN 2122 SC Königsspringer HH - Schac"]
[Site "?"]
[Date "2022.05.01"]
[Round "9.6"]
[White "Lampe, Joerg"]
[Black "Gremmel, Jonas Simon"]
[Result "1-0"]
[WhiteElo "2106"]
[BlackElo "2019"]
[PlyCount "65"]
[EventDate "2022.??.??"]

1. e4 c6 2. d4 d5 3. exd5 cxd5 4. c4 Nf6 5. Nc3 e6 6. Nf3 Nc6 7. cxd5 Nxd5 8.
Bd3 Bd6 9. O-O O-O 10. Re1 Nxc3 11. bxc3 Qc7 12. Qc2 h6 13. Qe2 Re8 14. Qe4 f5
15. Qh4 Qf7 16. Bf4 Bf8 17. Qg3 Kh7 18. Bd6 Be7 19. Bxe7 Rxe7 20. Rab1 b6 21.
c4 Ba6 22. Qd6 Bb7 23. Ne5 Nxe5 24. Qxe5 g6 25. d5 Rae8 26. d6 Rd7 27. c5 bxc5
28. Bb5 Bd5 29. Rbd1 Red8 30. Bxd7 Qxd7 31. Rxd5 exd5 32. Qf6 Re8 33. Re7+ 1-0

[Event "OLNN 2122 SC Königsspringer HH - Schac"]
[Site "?"]
[Date "2022.05.01"]
[Round "9.7"]
[White "Dietz, Juergen"]
[Black "Hloskovsky, Andrei"]
[Result "1-0"]
[WhiteElo "2113"]
[BlackElo "2082"]
[PlyCount "73"]
[EventDate "2022.??.??"]

1. f4 g6 2. Nf3 Bg7 3. e4 c5 4. Be2 Nc6 5. c3 d5 6. d3 e6 7. O-O Nge7 8. Be3 b6
9. e5 Nf5 10. Bf2 h5 11. d4 c4 12. b3 b5 13. a4 Qa5 14. Na3 bxa4 15. bxc4 a6
16. Nb1 dxc4 17. Rxa4 Qd8 18. Nbd2 Nce7 19. Nh4 Bd7 20. Nxf5 gxf5 21. Rxc4 Nd5
22. Bf3 Bb5 23. Re1 Bxc4 24. Nxc4 O-O 25. Bxd5 Qxd5 26. Nb6 Qa5 27. Nxa8 Rxa8
28. c4 Rb8 29. d5 exd5 30. cxd5 Rb2 31. d6 Qd2 32. Qxd2 Rxd2 33. Ra1 f6 34. Be1
Rd5 35. Ra5 Rxa5 36. Bxa5 fxe5 37. d7 1-0

[Event "OLNN 2122 SF Schwerin - Lübecker SV"]
[Site "?"]
[Date "2022.05.15"]
[Round "4.1"]
[White "Kalinitschew, Sergey"]
[Black "Hilwerda, Jonas"]
[Result "1-0"]
[WhiteElo "2405"]
[BlackElo "2275"]
[PlyCount "61"]
[EventDate "2022.??.??"]

1. Nf3 Nf6 2. c4 g6 3. b4 Bg7 4. Bb2 O-O 5. g3 c6 6. Bg2 d5 7. cxd5 cxd5 8. O-O
a5 9. b5 a4 10. Na3 Bf5 11. d3 Nbd7 12. Rc1 Qa5 13. Bc3 Qb6 14. Bb4 Rfe8 15.
Nh4 Be6 16. Qc2 Qd4 17. Qd2 Ng4 18. Nf3 Qa7 19. e3 Bh6 20. Rfe1 Rac8 21. Rxc8
Rxc8 22. h3 Nge5 23. Nxe5 Nxe5 24. d4 Nc4 25. Nxc4 Rxc4 26. Bf1 Rc8 27. Bxe7
Bf5 28. Rc1 b6 29. Rxc8+ Bxc8 30. Qb4 Qc7 31. Qd6 1-0

[Event "OLNN 2122 SF Schwerin - Lübecker SV"]
[Site "?"]
[Date "2022.05.15"]
[Round "4.2"]
[White "Schulz, Karsten"]
[Black "Kreuzholz, Michael"]
[Result "1/2-1/2"]
[WhiteElo "2290"]
[BlackElo "2316"]
[PlyCount "20"]
[EventDate "2022.??.??"]

1. d4 Nf6 2. Nf3 g6 3. Nbd2 d5 4. e3 Bg7 5. b4 a5 6. b5 c5 7. bxc6 bxc6 8. a4
O-O 9. Ba3 Re8 10. c4 Ba6 1/2-1/2

[Event "OLNN 2122 SF Schwerin - Lübecker SV"]
[Site "?"]
[Date "2022.05.15"]
[Round "4.3"]
[White "Schmidt, Harald"]
[Black "Reichmann, Hendrik"]
[Result "1-0"]
[WhiteElo "2337"]
[BlackElo "2332"]
[PlyCount "53"]
[EventDate "2022.??.??"]

1. e4 c5 2. Nf3 e6 3. d4 cxd4 4. c3 dxc3 5. Nxc3 a6 6. Bc4 b5 7. Bb3 Nc6 8. O-O
Nge7 9. Re1 Ng6 10. Nd5 Bc5 11. Bg5 f6 12. Qc1 Bd6 13. e5 Ncxe5 14. Nxe5 Nxe5
15. Be3 Rb8 16. Qd1 Nf7 17. Ba7 Rb7 18. Qd4 O-O 19. Bb6 Qe8 20. f4 Rxb6 21.
Nxb6 Bb7 22. f5 Qd8 23. Rad1 Be5 24. Qf2 Nd6 25. Rxe5 fxe5 26. Rxd6 Qc7 27.
fxe6 1-0

[Event "OLNN 2122 SF Schwerin - Lübecker SV"]
[Site "?"]
[Date "2022.05.15"]
[Round "4.4"]
[White "Wolf, Christoph"]
[Black "Ehrke, Michael"]
[Result "0-1"]
[WhiteElo "2215"]
[BlackElo "2215"]
[PlyCount "116"]
[EventDate "2022.??.??"]

1. e4 d5 2. exd5 Qxd5 3. Nc3 Qa5 4. d4 Nf6 5. Bc4 Bf5 6. Nf3 e6 7. Bd2 Bb4 8.
O-O O-O 9. a3 Bxc3 10. Bxc3 Qb6 11. Bb4 Rc8 12. Bd3 Bxd3 13. Qxd3 a5 14. Bd2 c5
15. dxc5 Qxc5 16. c4 Nbd7 17. Rfc1 a4 18. Be3 Ne5 19. Nxe5 Qxe5 20. f4 Qe4 21.
Qxe4 Nxe4 22. Rab1 h6 23. b4 axb3 24. Rxb3 Rc7 25. Kf1 Ra4 26. Ke2 f5 27. Kd3
Rd7+ 28. Ke2 g5 29. fxg5 hxg5 30. Kf3 g4+ 31. Kf4 Kf7 32. h3 gxh3 33. gxh3 Kf6
34. Kf3 Nd2+ 35. Bxd2 Rxd2 36. Rcc3 Rh2 37. Kg3 Ra2 38. h4 Ra8 39. c5 Rg8+ 40.
Kf3 Rgg2 41. Rxb7 Rh2 42. Kg3 Raf2 43. a4 Rfg2+ 44. Kf3 Rg4 45. Rbb3 Rgxh4 46.
Ke3 Ke5 47. Kd3 Kd5 48. Ke3 R2h3+ 49. Kf2 Rxc3 50. Rxc3 Rxa4 51. c6 Ra8 52. c7
Rc8 53. Ke3 e5 54. Rc1 Kd6 55. Rf1 f4+ 56. Ke4 Rxc7 57. Rh1 Rc4+ 58. Kf5 f3 0-1

[Event "OLNN 2122 SF Schwerin - Lübecker SV"]
[Site "?"]
[Date "2022.05.15"]
[Round "4.5"]
[White "Krause, Ullrich"]
[Black "Grahl, Arvid"]
[Result "1/2-1/2"]
[WhiteElo "2202"]
[BlackElo "2148"]
[PlyCount "46"]
[EventDate "2022.??.??"]

1. Nf3 Nf6 2. c4 g6 3. g3 Bg7 4. d4 O-O 5. Bg2 d6 6. O-O Nc6 7. Nc3 a6 8. b3
Rb8 9. Nd5 Nxd5 10. cxd5 Nb4 11. e4 a5 12. a3 Na6 13. Be3 c6 14. dxc6 bxc6 15.
Qc2 c5 16. Rab1 Bg4 17. dxc5 Nxc5 18. b4 axb4 19. axb4 Ne6 20. Qd2 Qd7 21. h3
Bxf3 22. Bxf3 Nc7 23. Bg2 Nb5 1/2-1/2

[Event "OLNN 2122 SF Schwerin - Lübecker SV"]
[Site "?"]
[Date "2022.05.15"]
[Round "4.6"]
[White "Heinsohn, Wilfried"]
[Black "Lampe, Dirk"]
[Result "1-0"]
[WhiteElo "2131"]
[BlackElo "2160"]
[PlyCount "63"]
[EventDate "2022.??.??"]

1. e4 c5 2. Nc3 g6 3. f4 Bg7 4. Nf3 Nc6 5. Bb5 Nd4 6. Bd3 d6 7. Nxd4 cxd4 8.
Ne2 Nf6 9. Nxd4 Nxe4 10. Bxe4 Bxd4 11. c3 Bg7 12. d4 O-O 13. O-O Qc7 14. f5 Qb6
15. Kh1 Bd7 16. Qe1 Bc6 17. d5 Bd7 18. Rb1 Rac8 19. Bg5 Bf6 20. Be3 Qa5 21. Qf2
b6 22. Qc2 Kg7 23. Qd2 Rfe8 24. fxg6 hxg6 25. Bh6+ Kh7 26. Bg5 Rc4 27. Bd3 Bxg5
28. Qxg5 Rg4 29. Rxf7+ Kg8 30. Qh6 Kxf7 31. Rf1+ Kg8 32. Bxg6 1-0

[Event "OLNN 2122 SF Schwerin - Lübecker SV"]
[Site "?"]
[Date "2022.05.15"]
[Round "4.7"]
[White "Bosselmann, Tom Linus"]
[Black "Kunze, Kerstin"]
[Result "1/2-1/2"]
[WhiteElo "2038"]
[BlackElo "2027"]
[PlyCount "29"]
[EventDate "2022.??.??"]

1. e4 e5 2. Nf3 Nc6 3. Bc4 Nf6 4. d3 Bc5 5. c3 a6 6. O-O Ba7 7. Bb3 d6 8. Re1
O-O 9. h3 h6 10. Nbd2 Nh5 11. Nf1 Qf6 12. Be3 Nf4 13. Ng3 Ne7 14. d4 Neg6 15.
Bc2 1/2-1/2

[Event "OLNN 2122 SF Schwerin - Lübecker SV"]
[Site "?"]
[Date "2022.05.15"]
[Round "4.8"]
[White "Schmidt, Arne"]
[Black "Bornholdt, Joa Max"]
[Result "0-1"]
[WhiteElo "1747"]
[BlackElo "2155"]
[PlyCount "130"]
[EventDate "2022.??.??"]

1. Nf3 d5 2. d4 Nf6 3. c4 e6 4. g3 Be7 5. Bg2 O-O 6. O-O dxc4 7. Qc2 a6 8. a4
Bd7 9. Qxc4 Bc6 10. Nc3 b5 11. Qd3 b4 12. Nb1 Be4 13. Qd1 c5 14. Nbd2 Bd5 15.
dxc5 Nbd7 16. c6 Bxc6 17. Nc4 Nc5 18. Nfe5 Qxd1 19. Rxd1 Bxa4 20. Rxa4 Nxa4 21.
Bxa8 Rxa8 22. Bd2 Ne4 23. Be1 b3 24. Rd7 Bf6 25. f4 Rc8 26. Rd4 Nac5 27. Ba5
Be7 28. Kg2 f6 29. Nd7 Nxd7 30. Rxe4 Rc6 31. Nd2 Rc2 32. Nxb3 Rxb2 33. Rxe6 Kf7
34. Re3 Nc5 35. Nd4 Nb7 36. Bc3 Ra2 37. Kf3 a5 38. Rd3 a4 39. e3 Rxh2 40. Nc6
Nc5 41. Rd5 Rc2 42. Bb4 Bf8 43. f5 g6 44. g4 Rc4 45. Nd8+ Kg8 46. Ba3 Nb3 47.
Bb2 gxf5 48. gxf5 Rc5 49. Rd7 Rxf5+ 50. Ke4 Ra5 51. Ne6 Ra6 52. Nxf8 Nc5+ 53.
Kf5 Nxd7 54. Nxd7 a3 55. Nxf6+ Kf7 56. Ba1 Ra5+ 57. Kf4 Kg6 58. e4 Rb5 59. Nd7
Rb1 60. Bc3 Rf1+ 61. Ke5 Rc1 62. Bd4 Rd1 63. Nc5 a2 64. Nb3 h5 65. Bf2 Rb1 0-1

[Event "OLNN 2122 Hamburger SK III - SK Johanne"]
[Site "?"]
[Date "2022.05.15"]
[Round "4.1"]
[White "von Gleich, Alexander"]
[Black "Colpe, Malte"]
[Result "1/2-1/2"]
[WhiteElo "2331"]
[BlackElo "2348"]
[PlyCount "25"]
[EventDate "2022.??.??"]

1. Nf3 d5 2. g3 Nf6 3. Bg2 e6 4. O-O c5 5. c4 d4 6. e3 Nc6 7. exd4 cxd4 8. d3
Bd6 9. Bg5 h6 10. Bxf6 Qxf6 11. Nbd2 Qe7 12. a3 a5 13. Re1 1/2-1/2

[Event "OLNN 2122 Hamburger SK III - SK Johanne"]
[Site "?"]
[Date "2022.05.15"]
[Round "4.2"]
[White "Bracker, Arne"]
[Black "Schroeder, Christoph"]
[Result "1/2-1/2"]
[WhiteElo "2276"]
[BlackElo "2136"]
[PlyCount "71"]
[EventDate "2022.??.??"]

1. e4 e6 2. d4 d5 3. Nc3 dxe4 4. Nxe4 Nd7 5. Nf3 Ngf6 6. Nxf6+ Nxf6 7. Be3 Bd6
8. Bd3 O-O 9. Qe2 b6 10. O-O-O Bb7 11. Kb1 c5 12. Bg5 h6 13. Bh4 Qc7 14. Bxf6
gxf6 15. Be4 Bxe4 16. Qxe4 cxd4 17. Nxd4 Be5 18. Rhe1 Rad8 19. Nc6 Rxd1+ 20.
Rxd1 Rc8 21. Nxe5 fxe5 22. c3 Rd8 23. Re1 Qd6 24. a4 Qd3+ 25. Qxd3 Rxd3 26. Kc2
Rd5 27. Re4 f5 28. Rc4 Rd7 29. f3 Kf7 30. b4 Kf6 31. g3 h5 32. b5 Kg5 33. Rc6
Kf6 34. Rc4 Kg5 35. Rc6 Kf6 36. Rc4 1/2-1/2

[Event "OLNN 2122 Hamburger SK III - SK Johanne"]
[Site "?"]
[Date "2022.05.15"]
[Round "4.3"]
[White "Zart, Ruediger"]
[Black "Gaede, Derek"]
[Result "0-1"]
[WhiteElo "2144"]
[BlackElo "2301"]
[PlyCount "116"]
[EventDate "2022.??.??"]

1. c4 e6 2. g3 d5 3. Bg2 Nf6 4. Nf3 Be7 5. O-O O-O 6. b3 c5 7. cxd5 exd5 8. d4
Nc6 9. Bb2 Bg4 10. Ne5 cxd4 11. Nxc6 bxc6 12. Bxd4 Re8 13. Nd2 Ba3 14. Nf3 Ne4
15. Ne5 Bf5 16. Nxc6 Qd7 17. Nxa7 Rxa7 18. Bxa7 Qxa7 19. Qxd5 g6 20. Qc6 Qe7
21. e3 Rc8 22. Qa6 Rc2 23. Rad1 Kg7 24. Qa8 Nxf2 25. Rxf2 Qxe3 26. Qf3 Bc5 27.
Rdf1 Qxf3 28. Bxf3 Bd3 29. b4 Ba7 30. Kh1 Rxf2 31. Rxf2 Bxf2 32. a4 Be1 33. b5
Ba5 34. Bd1 Be4+ 35. Kg1 Bb6+ 36. Kf1 Kf6 37. Bb3 Ke7 38. Ke2 f5 39. Kd2 Kd6
40. Bg8 h5 41. Bh7 g5 42. g4 Ke5 43. Bxf5 Bxf5 44. gxf5 Kxf5 45. Kc3 g4 46. Kb4
Bg1 47. a5 Bxh2 48. b6 g3 49. a6 g2 50. a7 g1=Q 51. a8=Q Qxb6+ 52. Kc4 Qd6 53.
Qg8 Be5 54. Qf7+ Ke4 55. Qb7+ Ke3 56. Qb3+ Kf4 57. Qh3 Qc6+ 58. Kb3 Qc3+ 0-1

[Event "OLNN 2122 Hamburger SK III - SK Johanne"]
[Site "?"]
[Date "2022.05.15"]
[Round "4.4"]
[White "Schumacher, Norbert"]
[Black "Keyser, Robin"]
[Result "1/2-1/2"]
[WhiteElo "2137"]
[BlackElo "2106"]
[PlyCount "29"]
[EventDate "2022.??.??"]

1. d4 Nf6 2. c4 e6 3. Nf3 d5 4. Nc3 a6 5. cxd5 exd5 6. Bg5 Be6 7. e3 Nbd7 8.
Be2 Bd6 9. O-O O-O 10. Rc1 c6 11. Bh4 Qe7 12. Ng5 Bf5 13. Bd3 Bxd3 14. Qxd3 h6
15. Nh7 1/2-1/2

[Event "OLNN 2122 Hamburger SK III - SK Johanne"]
[Site "?"]
[Date "2022.05.15"]
[Round "4.5"]
[White "Ahmels, Volker"]
[Black "Kotyk, Michael"]
[Result "1/2-1/2"]
[WhiteElo "2174"]
[BlackElo "2170"]
[PlyCount "83"]
[EventDate "2022.??.??"]

1. e4 e5 2. Bc4 Nf6 3. d3 Nc6 4. Nf3 Bc5 5. O-O a6 6. Nc3 d6 7. Nd5 Nxd5 8.
exd5 Nd4 9. Nxd4 Bxd4 10. c3 Ba7 11. d4 Qh4 12. g3 Qf6 13. dxe5 dxe5 14. Be3
Bh3 15. Re1 Bxe3 16. Rxe3 O-O-O 17. Qh5 Bf5 18. Rae1 Rhe8 19. f4 e4 20. Qe2 Qg6
21. Qf2 Kb8 22. Bb3 h5 23. h4 Qd6 24. c4 Qc5 25. Rc3 Qxf2+ 26. Kxf2 c5 27. Rce3
Bg6 28. a3 b5 29. Rc1 Rc8 30. Bd1 Re7 31. Be2 Rb7 32. Rb3 Rd8 33. Ke3 f5 34.
cxb5 Rxd5 35. Bc4 Rd4 36. b6 Rxc4 37. Rxc4 Bf7 38. Rcc3 Bxb3 39. Rxb3 Rd7 40.
a4 Kb7 41. a5 Kc6 42. Ke2 1/2-1/2

[Event "OLNN 2122 Hamburger SK III - SK Johanne"]
[Site "?"]
[Date "2022.05.15"]
[Round "4.6"]
[White "Rogozenco, Teodora"]
[Black "Schueler, Hendrik"]
[Result "0-1"]
[WhiteElo "1966"]
[BlackElo "2066"]
[PlyCount "44"]
[EventDate "2022.??.??"]

1. d4 d5 2. c4 dxc4 3. e3 e5 4. Bxc4 exd4 5. exd4 Nf6 6. Nf3 Bd6 7. O-O O-O 8.
Nc3 Nc6 9. h3 h6 10. a3 a6 11. Qc2 Bd7 12. Re1 Qc8 13. Bd3 Bxh3 14. gxh3 Qxh3
15. Be4 Rae8 16. Bxc6 Bh2+ 17. Kh1 Bg3+ 18. Kg1 Bh2+ 19. Kh1 Rxe1+ 20. Nxe1
bxc6 21. Be3 Ng4 22. Nd1 Qf1# 0-1

[Event "OLNN 2122 Hamburger SK III - SK Johanne"]
[Site "?"]
[Date "2022.05.15"]
[Round "4.7"]
[White "Keyser, Philipp"]
[Black "Holinka, Henning"]
[Result "0-1"]
[WhiteElo "2030"]
[BlackElo "2261"]
[PlyCount "56"]
[EventDate "2022.??.??"]

1. e4 g6 2. d4 Bg7 3. Nc3 a6 4. Be3 b5 5. g4 b4 6. Nce2 d5 7. Ng3 Nf6 8. g5
Nxe4 9. Nxe4 dxe4 10. Bg2 Bb7 11. Qg4 f5 12. gxf6 exf6 13. Bxe4 f5 14. Bxb7
fxg4 15. Bxa8 O-O 16. O-O-O Nd7 17. Bd5+ Kh8 18. h3 Nb6 19. Be6 g3 20. fxg3 Qe7
21. d5 Nxd5 22. Rxd5 Qxe6 23. Rd3 Rf1+ 24. Kd2 Bxb2 25. Ke2 Rc1 26. Kd2 Qc6 27.
Bh6 Qxc2+ 28. Ke3 Re1+ 0-1

[Event "OLNN 2122 Schachfreunde HH - SK Doppelb"]
[Site "?"]
[Date "2022.05.15"]
[Round "4.1"]
[White "Hector, Jonny"]
[Black "Hourigan, Gerrit"]
[Result "1-0"]
[WhiteElo "2445"]
[BlackElo "2312"]
[PlyCount "101"]
[EventDate "2022.??.??"]

1. e4 c5 2. Nf3 d6 3. d4 cxd4 4. Nxd4 Nf6 5. Nc3 a6 6. Bg5 Nbd7 7. f4 Qc7 8.
Qf3 h6 9. Bxf6 Nxf6 10. f5 g5 11. fxg6 fxg6 12. Nd5 Nxd5 13. exd5 Bg7 14. O-O-O
Bf6 15. Bd3 Rg8 16. Be4 Bd7 17. Rd3 Qb6 18. Rhd1 O-O-O 19. Kb1 Kb8 20. Rb3 Qc7
21. Nc6+ Ka8 22. Nxd8 Qxd8 23. Qd3 Qc8 24. Rb4 h5 25. a3 Qe8 26. Qe3 Qc8 27.
Qb6 Qb8 28. Rd3 Qa7 29. Qc7 b5 30. Qa5 g5 31. Rbb3 Rc8 32. Rf3 g4 33. Rf1 Kb7
34. a4 Qb6 35. Qxb6+ Kxb6 36. axb5 axb5 37. Bf5 Bxf5 38. Rxf5 h4 39. Rf4 g3 40.
hxg3 hxg3 41. Rfb4 Rc5 42. c4 Kc7 43. Rxb5 Rxc4 44. Rb8 Kd7 45. R3b7+ Rc7 46.
Rxc7+ Kxc7 47. Rb3 Be5 48. Kc2 Kd7 49. Kd3 Ke8 50. Ke4 Kf7 51. Kf5 1-0

[Event "OLNN 2122 Schachfreunde HH - SK Doppelb"]
[Site "?"]
[Date "2022.05.15"]
[Round "4.3"]
[White "Beeck, Mats"]
[Black "Neffe, Axel"]
[Result "1-0"]
[WhiteElo "2169"]
[BlackElo "2240"]
[PlyCount "105"]
[EventDate "2022.??.??"]

1. d4 Nf6 2. c4 c5 3. d5 e6 4. Nc3 exd5 5. cxd5 d6 6. e4 g6 7. h3 Bg7 8. Nf3
O-O 9. Be3 Nbd7 10. Bd3 Re8 11. O-O Nh5 12. Qd2 Ne5 13. Nxe5 Bxe5 14. Ne2 f5
15. exf5 Bxf5 16. Bxf5 gxf5 17. Rab1 a5 18. Rfe1 Qd7 19. Nf4 Nf6 20. Rbd1 Qf7
21. Ne6 Ne4 22. Qc2 Rac8 23. Bf4 Qf6 24. Bxe5 dxe5 25. f3 Nd6 26. Qc3 Kf7 27.
Qxe5 Qxe5 28. Rxe5 Kf6 29. Ree1 c4 30. Kf2 c3 31. bxc3 Rxc3 32. Re2 b5 33. g4
h6 34. Rde1 fxg4 35. hxg4 Nf7 36. Nd4 Rxe2+ 37. Rxe2 Ne5 38. Rd2 b4 39. Kg3 a4
40. Rd1 Rd3 41. Rxd3 Nxd3 42. f4 Nc1 43. Kh4 Nxa2 44. g5+ hxg5+ 45. fxg5+ Ke5
46. g6 b3 47. g7 b2 48. Nf3+ Kf6 49. g8=Q b1=Q 50. Qg5+ Kf7 51. Ne5+ Kf8 52.
Qf6+ Kg8 53. Qf7+ 1-0

[Event "OLNN 2122 Schachfreunde HH - SK Doppelb"]
[Site "?"]
[Date "2022.05.15"]
[Round "4.5"]
[White "Luckow, Rolf"]
[Black "Dietz, Juergen"]
[Result "1/2-1/2"]
[WhiteElo "2203"]
[BlackElo "2113"]
[PlyCount "63"]
[EventDate "2022.??.??"]

1. b3 d5 2. Bb2 Nf6 3. e3 e6 4. Nf3 Be7 5. Be2 O-O 6. O-O c5 7. c4 Nc6 8. cxd5
Nxd5 9. d4 cxd4 10. Nxd4 Nxd4 11. Bxd4 Bd7 12. Nc3 Nxc3 13. Bxc3 Bc6 14. Qxd8
Rfxd8 15. Rfd1 Rxd1+ 16. Rxd1 Rd8 17. Rxd8+ Bxd8 18. Bd4 b6 19. Bd3 Bc7 20. f4
f5 21. Kf2 Kf7 22. g3 g6 23. b4 Bd5 24. a4 e5 25. Bc3 Ke6 26. Be2 Bb3 27. a5
Kd5 28. axb6 axb6 29. Ba6 Bc4 30. Bb7+ Ke6 31. Bc8+ Kd5 32. Bb7+ 1/2-1/2

[Event "OLNN 2122 Schachfreunde HH - SK Doppelb"]
[Site "?"]
[Date "2022.05.15"]
[Round "4.6"]
[White "Mix, Clemens"]
[Black "Boehm, Thomas"]
[Result "1/2-1/2"]
[WhiteElo "1993"]
[BlackElo "2160"]
[PlyCount "47"]
[EventDate "2022.??.??"]

1. d4 d5 2. c4 e6 3. Nf3 Nf6 4. g3 Be7 5. Bg2 O-O 6. O-O dxc4 7. Qc2 a6 8. a4
Bd7 9. Qxc4 Bc6 10. Bf4 Bd6 11. Qc1 a5 12. Nc3 Na6 13. Rd1 Nb4 14. Bg5 Nbd5 15.
Ne5 Nxc3 16. Qxc3 Bxg2 17. Kxg2 Be7 18. Bxf6 Bxf6 19. Rac1 c6 20. e4 Qd6 21.
Ng4 Be7 22. Ne3 Rfd8 23. d5 Bf6 24. Qc2 1/2-1/2